LEADER 01083nam a2200241 a 4500 001 000000129891 003 CaOOAMICUS 005 20120903164114.0 008 120903s2012 it m 000 0 ita r 040 $aPUL$bita 100 1 $aMossucca, Vincenzo.$0(OLS)http://pul/name/83177 245 13$aLa comunione per la missione nel consiglio presbiteriale /$cVincenzo Mossucca. 260 $aRoma :$bPontificia Università Lateranense,$c2012. 300 $a198 p.$c24 cm 502 $aTesi -- Pontificia Universitas Lateranensis. Facultas Iuris Canonici. Roma, 2012. 504 $aFonti e bibliografia: p. [181]-195. 710 2 $aPontificia Università Lateranense.$bFacoltà di diritto canonico.$0(OLS)http://pul/name/3179 850 $aPUL 852 $aPUL$W1$xDP1 Tesi Pon Univ. Lateranense$y41$m2012 C 13$j150345$qTesi$B148928$CPULBib$Z2$F148928 $82 941 1 $a16 996 $6245$aLa comunione per la missione nel consiglio presbiteriale$9(OLS)http://pul/title/164187 996 $6260$aRoma :$bPontificia Università Lateranense$9(OLS)http://pul/publisher/47963 LEADER 01197nam a2200301 a 4500 001 000000173679 003 CaOOAMICUS 005 20200717150211.0 008 200717s2002 nyu 001 u eng r 020 $z0-19-924342-5 032 $aLibriCat 040 $aPUL$bita 082 04$a192 100 1 $aLocke, John,$d1632-1704.$0(OLS)http://pul/name/8515 245 10$aWritings on religion /$cJohn Locke ; edited by Victor Nuovo. 260 $aOxford :$bClarendon Press,$c2002. 300 $alvii, 290 p. ;$c22 cm 504 $aBibliografia in nota e alle p. [275]-284. 600 14$aLocke, John,$d1632-1704$xConcezione della religione.$0(OLS)http://pul/subject/46268 700 1 $aNuovo, Victor.$0(OLS)http://pul/name/111473 850 $aPUL 852 $aPUL$W1$xSL Filosofia 3$y81$m192 NUOVI 2$j197642$qDDC 21$B202459$CPULBib$Z2$F202459 $H134321 $81 941 1 $a9 996 $6020$z0-19-924342-5$9(OLS)http://pul/number/167634 996 $6082$a192$9(OLS)http://pul/classification/525 996 $6245$aWritings on religion $9(OLS)http://pul/title/214863 996 $6260$aOxford :$bClarendon Press$9(OLS)http://pul/publisher/48412